[Event "Jaipur op 1st"]
[Site "Jaipur"]
[Date "2024.05.29"]
[Round "1"]
[White "Gupta, Kailash"]
[Black "Badrinath, S."]
[Result "0-1"]
[WhiteElo "1458"]
[BlackElo "2033"]
[PlyCount "64"]
[EventDate "2024.05.29"]
[EventType "swiss"]
[EventRounds "9"]
[EventCountry "IND"]
[SourceTitle "CBM 220 Extra"]
[Source "ChessBase"]
[SourceDate "2024.07.31"]
[SourceVersion "1"]
[SourceVersionDate "2024.07.31"]
[SourceQuality "1"]

1. e4 c5 2. c4 Nc6 3. Ne2 g6 4. d3 Bg7 5. Nbc3 e6 6. g3 Nge7 7. Bg2 0-0 8. 0-0 a6 9. a3 Rb8 10. Rb1 b5 11. Be3 b4 12. Na4 d6 13. axb4 Rxb4 14. b3 Bd7 15. Nac3 Qc7 16. Qc2 Rfb8 17. Rb2 Na5 18. Rfb1 Nec6 19. Bf3 Qd8 20. h4 Ne5 21. Kg2 Qf6 22. Bf4 Nac6 23. Qd2 h6 24. Ng1 Nxf3 25. Nxf3 Qxc3 26. Qd1 Qf6 27. Bxd6 Rc8 28. e5 Qf5 29. Qe1 Rb7 30. Qe3 Nd4 31. Nxd4 cxd4 32. Qxd4 Bc6+ 0-1